[Event "Primorsko Ropotamo"]
[Site "Primorsko"]
[Date "2022.06.05"]
[Round "6"]
[White "Ninov, Nikolai"]
[Black "Cupic, Lovro"]
[Result "1/2-1/2"]
[WhiteElo "2418"]
[BlackElo "2271"]
[PlyCount "22"]
[EventDate "2022.06.01"]
[EventType "tourn"]
[EventRounds "9"]
[EventCountry "BUL"]
[SourceTitle "EXT 2023"]
[Source "ChessBase"]
[SourceDate "2022.10.05"]
[SourceVersion "1"]
[SourceVersionDate "2022.10.05"]
[SourceQuality "1"]

1. e4 e5 2. Nf3 Nc6 3. Bb5 Nf6 4. 0-0 Nxe4 5. Re1 Nd6 6. Nxe5 Nxe5 7. Rxe5+ Be7 8. Bf1 0-0 9. d4 Bf6 10. Re1 Nf5 11. c3 d5 1/2-1/2

[Event "PNWCC-Bulgaria Memorial Day"]
[Site "Chess.com INT"]
[Date "2022.05.29"]
[Round "?"]
[White "He, Anthony B"]
[Black "Ninov, Nikolai"]
[Result "1/2-1/2"]
[WhiteElo "2437"]
[BlackElo "2418"]
[PlyCount "45"]
[EventDate "2022.05.28"]
[EventType "team-match"]
[EventRounds "6"]
[EventCountry "USA"]
[SourceTitle "EXT 2024"]
[Source "ChessBase"]
[SourceDate "2023.10.10"]
[SourceVersion "1"]
[SourceVersionDate "2023.10.10"]
[SourceQuality "1"]
[WhiteTeam "PNWCC"]
[BlackTeam "Bulgaria"]
[WhiteTeamCountry "USA"]
[BlackTeamCountry "BUL"]

1. Nf3 d5 2. g3 c5 3. Bg2 g6 4. 0-0 Bg7 5. d4 cxd4 6. Nxd4 Nf6 7. Nb3 Nc6 8. Nc3 e6 9. e4 Nxe4 10. Nxe4 dxe4 11. Bxe4 0-0 12. Qe2 Qc7 13. Rd1 Bd7 14. Bf4 e5 15. Be3 b6 16. Rd2 Rac8 17. Rad1 Be6 18. Qb5 Rfe8 19. Bd5 Nd4 20. Bxd4 exd4 21. Nxd4 Bxd4 22. Rxd4 Qxc2 23. R4d2 1/2-1/2